Catálogo

MANUAL DE PEDIATRIA DE NELSON (Registro nro. 51056)

Detalles MARC
000 -LEADER
fixed length control field 00977nam a2200217 a 4500
001 - CONTROL NUMBER
control field 51056
005 - DATE AND TIME OF LATEST TRANSACTION
control field 20180714040346.0
008 - FIXED-LENGTH DATA ELEMENTS--GENERAL INFORMATION
fixed length control field 140415s1995 sp 000 0 spa d
020 ## - INTERNATIONAL STANDARD BOOK NUMBER
International Standard Book Number 8448600770
041 ## - LANGUAGE CODE
Language code of text/sound track or separate title spa
082 ## - DEWEY DECIMAL CLASSIFICATION NUMBER
Classification number 618.92
Item number BEH
100 1# - MAIN ENTRY--PERSONAL NAME
Personal name BEHRMAN, RICHARD E.
245 10 - TITLE STATEMENT
Title MANUAL DE PEDIATRIA DE NELSON
250 ## - EDITION STATEMENT
Edition statement 1a ed.
260 ## - PUBLICATION, DISTRIBUTION, ETC.
Place of publication, distribution, etc. ESPAÑA :
Name of publisher, distributor, etc. MCGRAW-HILL INTERAMERICANA DE ESPAÑA,
Date of publication, distribution, etc. 1995
300 ## - PHYSICAL DESCRIPTION
Extent 65
Dimensions 10 x 2.7 x 20.8
520 ## - SUMMARY, ETC.
Summary, etc. EL MANUAL DE BOLSILLO DE NELSON LE PROPORCIONA CUANTO DEBE SABER SOBRE LOS PROBLEMAS MEDICOS Y QUIRURGICOS QUE SUELEN AFECTAR A LOS NIÑOS. EL LIBRO LE OFRECE UN BREVE RESUMEN DE TODAS LAS ENFERMEDADES PEDIATRICAS (SUS CAUSAS, MANIFESTACIONES CLINICAS, DIAGNOSTICO Y TRATAMIENTO), PARA QUE USTED PUEDA REFRESCAR SU MEMORIA O CONFIRMAR AL INSTANTE SU OPINION.
650 14 - SUBJECT ADDED ENTRY--TOPICAL TERM
Topical term or geographic name entry element PEDIATRIA MANUAL
700 1# - ADDED ENTRY--PERSONAL NAME
Personal name CAMPS DEL SAZ, PILAR
Relator term tr.
740 ## - ADDED ENTRY--UNCONTROLLED RELATED/ANALYTICAL TITLE
Uncontrolled related/analytical title NELSON TEXBOOK OF PEDIATRICS. POCKET COMPANION
Existencias
Withdrawn status Lost status Source of classification or shelving scheme Damaged status Not for loan Collection code Home library Current library Shelving location Date acquired Source of acquisition Inventory number Total Checkouts Full call number Barcode Date last seen Date last checked out Price effective from Koha item type
    Dewey Decimal Classification     General Biblioteca Karol Wojtyla Biblioteca Karol Wojtyla Sala general 03/12/2013 Compra 151000000000000000003766 1 618.92 BEH 1995 76180 05/01/2026 20/08/2024 15/01/2015 Reserva permanente